|
|
|
|
| LEADER |
00611 a2200157 4500 |
| 008 |
100208b ||||| |||| 00| 0 eng d |
| 020 |
|
|
|a 9788183872553
|
| 082 |
|
|
|a 338.10954
|
| 100 |
|
|
|a Lenka,Jagannath.
|
| 245 |
|
|
|a Current issues in Indian agriculture /
|c by Jagannath Lenka
|
| 260 |
|
|
|a New Delhi:
|b Serials,
|c 2010.
|
| 300 |
|
|
|3 295p.
|
| 650 |
|
|
|a Agriculture--Economic aspects-India
|
| 942 |
|
|
|c BK
|
| 999 |
|
|
|c 318284
|d 318284
|
| 952 |
|
|
|0 0
|1 0
|2 ddc
|4 0
|6 338_109540000000000_LEN_C
|7 0
|9 364424
|a ECN
|b ECN
|c GEN
|d 2012-04-25
|e Cosmo books,Thrissur
|g 0.00
|i 8656
|l 3
|m 4
|o 338.10954 LEN/C
|p ECN8656
|r 2016-02-10
|s 2015-07-02
|w 2012-04-25
|y BK
|